000 01308cam a22002055a 4500
001 L158917
008 151001s2015 xxk f 000 0 eng d
035 _a(Sirsi) u158917
041 0 _aeng
110 2 _aInvestment Property Forum
_92112
245 0 0 _aMind the viability gap
_bAchieving more large-scale build-to-rent housing a discussion paper
_helectronic resource
260 _aLondon
_bIPF
_c2015
520 _aExplains how the build-to-rent sector could provide an accelerated path to meeting the UK?s housing demands. A comparative analysis of the build-to-rent and build-to-sell sectors identifies the barriers to market, such as the build-to-rent sector?s lower annual rate of return that falls short of investors' requirements. Suggests solutions including consideration of affordable housing allocations, planning conditions, covenants and vendor land receipt levels. Appendices provide an illustrative development appraisal, together with a policy overview.
590 _aKA
650 2 4 _aBUILD-TO-RENT
651 4 _aUnited Kingdom
_y
690 _aResidential property
_96266
856 4 0 _uhttps://www.ipf.org.uk/resourceLibrary/mind-the-viability-gap--achieving-more-large-scale--build-to-rent-housing--september-2015-.html
_zView the item free of charge from www.ipf.org.uk
942 _n0
999 _c115584
_d115584